Indian National Congress fights for freedom (Record no. 351261)

000 -LEADER
fixed length control field 00383cam a22001337a 4500
008 - FIXED-LENGTH DATA ELEMENTS--GENERAL INFORMATION
fixed length control field 180718b1986 xxu||||| |||| 00| 0 eng d
082 ## - DEWEY DECIMAL CLASSIFICATION NUMBER
Classification number F51x54 P17
100 ## - MAIN ENTRY--PERSONAL NAME
Personal name Pal, S.
245 ## - TITLE STATEMENT
Title Indian National Congress fights for freedom
Statement of responsibility, etc. by S. Pal and Probodh Chandra
260 ## - PUBLICATION, DISTRIBUTION, ETC.
Place of publication, distribution, etc. Delhi
Name of publisher, distributor, etc. Anmol
Date of publication, distribution, etc. 1986
300 ## - PHYSICAL DESCRIPTION
Extent 384p.
650 ## - SUBJECT ADDED ENTRY--TOPICAL TERM
Topical term or geographic name entry element Political parties - India
700 ## - ADDED ENTRY--PERSONAL NAME
Personal name Chandra, Probodh
Holdings
Withdrawn status Lost status Damaged status Not for loan Permanent Location Current Location Date acquired Full call number Barcode Date last seen Price effective from Koha item type
        Indian Institute of Public Administration Indian Institute of Public Administration 1993-11-12 F51x54 P17 62148 2018-07-21 2018-07-21 Book

Powered by Koha